000
00336nam a22001577a 4500
003
SGT
020
_a
978-81-8191-439-2
082
_a
611
_b
H15P
100
_a
PAL, G.P.
245
_a
TB.. OF HISTOLOGY
250
_a
4TH
260
_a
INDIA
_b
PARAS MEDICAL PUB.
_c
2015
300
_a
475
650
_a
HUMAN ANATOMY
942
_2
ddc
_c
BK
999
_c
20109
_d
20109